| 000 | 00520 a2200157 4500 | ||
|---|---|---|---|
| 005 | 20190809112703.0 | ||
| 008 | 190612b1961 fr ||||| |||| 00| 0 fre d | ||
| 040 |
_aCO-BoUCM _bspa _cJuan Jose Mateus _dJuan Jose Mateus |
||
| 041 | 0 | _afre | |
| 100 | 1 | 0 |
_aCuvillier, Armand _996461 |
| 245 | 1 | 0 |
_aSociologie et Problèmes actuels _cArmand Cuuvilmer |
| 260 |
_bLibrarie philisophique J. Vrin _c1961 _aParís |
||
| 650 | 7 |
_9386 _aSociología |
|
| 942 |
_cLIBRO _2DEWEY _a5 _e1 _h301 _mC992s |
||
| 999 |
_c313239 _d313239 |
||